zpět

Detail výsledku týmu

Pivovar Prokopák, Praha

Datum a čas kvízu

33 Celkem bodů Celkový počet nahraných bodů na tomto kvízu bez doplňovacích otázek.
8. Pořadí na kvízu Konečné umístění týmu na tomto kvízu.

Zaznamenané odpovědi

# Otázka Odpověď Body Výsledky
1. Český premiér Petr Fiala se mi... Etiopii 0
2. V úterý se v jisté evropské mo... Španělsko, princezna Leonor 1
3. V uplynulém týdnu zveřejnila Č... Klíč svatého Petra 1
4. Minulý týden otevřel jistý ame... Popeye's 1
5. Lionel Messi získal poosmé cen... Erling Haaland, Kylian Mbappé 0.5
-14. O které významné ženě 18. stol... o Marii Antoinettě 1
-13. Přívlastkové víno, k jehož výr... výběr z cibéb 0
-14. Jak se v antické mytologii jme... Dionýsos 1
-11. Vinařská oblast Čechy se dělí... litoměřickou 0
-10. Brandy je pálenka vyrobená z h... Cognac 1